Welcome to the Holygrace Academy Library

Please use search bar below to get started

WORDS OF WISDOM (Record no. 5109)

MARC details
000 -LEADER
fixed length control field 00677nam a22001577a 4500
020 ## - INTERNATIONAL STANDARD BOOK NUMBER
ISBN 0-88139-302-9
082 ## - DEWEY DECIMAL CLASSIFICATION NUMBER
Classification number 200
Item number HUA/W
100 ## - MAIN ENTRY--AUTHOR NAME
Personal name HUA, HSUAN
245 ## - TITLE STATEMENT
Title WORDS OF WISDOM
Remainder of title BEGINNING BUDDHISM
250 ## - EDITION STATEMENT
Edition statement FIRST EDITION
260 ## - PUBLICATION, DISTRIBUTION, ETC. (IMPRINT)
Place of publication TAIWAN
Name of publisher BUDDIST TEXT TRANSLATION SOCIETY
Year of publication 2003
300 ## - PHYSICAL DESCRIPTION
Number of Pages 194
520 ## - SUMMARY, ETC.
Summary, etc This compilation of instructional talks by Tripitaka Master Hsuan Hua introduces basic Buddhist concepts and provides advice and encouragement for spiritual practice. It serves a valuable guide for those embarking on the Path to awakening. - What are we living for? - How can we determine our own destiny?
650 ## - SUBJECT ADDED ENTRY--TOPICAL TERM
Topical Term RELIGIOUS
Geographic subdivision TAIWAN
942 ## - ADDED ENTRY ELEMENTS (KOHA)
Koha item type Books
Holdings
Withdrawn status Lost status Collection code Home library Current library Shelving location Date acquired Source of acquisition Full call number Accession Number Koha item type
    Non-fiction Main Library Main Library SHELF 15 C-RELIGIOUS 14/07/2016 purchase 200 HUA/W 04333 Books